The way science works

保存先:
書誌詳細
フォーマット: 図書
言語:Undetermined
出版事項: London Duncan Braid 1995
主題:
タグ: タグ追加
タグなし, このレコードへの初めてのタグを付けませんか!
Thư viện lưu trữ: Trung tâm Học liệu Trường Đại học Cần Thơ
LEADER 00422nam a2200157Ia 4500
001 CTU_78526
008 210402s9999 xx 000 0 und d
082 |a 603 
082 |b W111 
245 4 |a The way science works 
245 0 |c Marek Walisiewicz ... [et al.] 
260 |a London 
260 |b Duncan Braid 
260 |c 1995 
650 |a Science and technology 
980 |a Trung tâm Học liệu Trường Đại học Cần Thơ